01845nam a2200313 a 450000500170000000800410001704000250005804100080008304400070009109000160009810000240011424501660013826001290030430000100043365100470044370000270049070000280051770000310054570000240057670000270060094200160062794500150064399900150065895201690067395201820084295201650102495201650118995201770135420151112020002.0140122b2004 ck ||||| |||| 00| 0 spa d aCO-BoIAVHcCO-BoIAVH aspa ack aIAVHb00287 aArango, Diego94786 aGestión local Ambiental, un compromiso principalbcartilla para el fortalecimiento de la gestión participativa alrededor de la cuenca del río Cane-Iguaque aBogotábAlcaldía de Villa de LeyvabConsejo Ambiental de Villa de LeyvabUAESPNNbInstituto Alexander von Humboldtc2004 a45 p. aColombiazCuenca Río Cane-Iguaque933072 aMurillo, Xatlí94787 aHernández, Sara94788 aRuíz, Cesar Agusto94789 aVargas, Nancy91323 aMurtinho, Felipe91362 cLIBRO2z01 d2004-09-28 c4158d4158 00102z40708HUMBOLDTIINV2017aVillabVillad2004-09-28eInstitutog30000.00l0oIAVH-00287p016714r2014-09-18 00:00:00tEj. 2w2012-12-04xInstitucionalyLIBRO 00102ddc40708HUMBOLDTIINV2017aVenadobVenadod2014-07-18eInstitutog30000.00l0oIAVH-333.9116 A66g p016715r2012-12-04 00:00:00tEj. 4w2012-12-04xInstitucionalyLIBRO 00102ddc40708HUMBOLDTaBogotabBogotad2004-09-28eCID Humboldtl0oIAVH-333.9116 A66gp016716r2012-12-04 00:00:00tEj. 1w2012-12-04xInstitucionalyLIBRO 00102ddc40708HUMBOLDTaBogotabBogotad2004-09-28eCID Humboldtl0oIAVH-333.9116 A66gp016717r2012-12-04 00:00:00tEj. 2w2012-12-04xInstitucionalyLIBRO 00102ddc40708HUMBOLDTaBogotabBogotad2004-09-28eCID Humboldtl1oIAVH-333.9116 A66gp016718r2015-11-26 00:00:00s2015-11-11tEj. 3w2012-12-04xInstitucionalyLIBRO